00366nam a2200121Ia 4500008004100000245005200041260003900093260000900132300000900141650002600150650001200176856005600188170516s9999 xx 000 0 und d 3aAn unusual cause of breast lump: CSF pseudocyst bSouth African Journal of Radiology c2012 a16:2 xRadiologic Technology xRadtech uhttp://www.sajr.org.za/index.php/sajr/issue/view/25